Geografia mediterrânica em um mapa - Statistics

Estatísticas Gerais
  • Esse quiz foi jogado 157 vezes
  • A pontuação média é 14 de 35
Respostas no mapa
Respostas codificadas por cores de uma escala verde-vermelha no mapa do quiz de acordo com a % correta abaixo.
 
Estatísticas das Respostas
Group Resposta % Correto
ilhas Chipre
84%
rios Nilo
76%
territórios Gibraltar
73%
ilhas Sicília
72%
cidades Atenas
70%
cidades Tunes
64%
cidades Barcelona
59%
cidades Alexandria
56%
cidades Nápoles
54%
ilhas Sardenha
54%
ilhas Córsega
53%
cidades Veneza
53%
mares Adriático
52%
mares Egeu
49%
ilhas Creta
45%
territórios Faixa de Gaza
44%
cidades Trípoli
44%
ilhas Ibiza
37%
cidades Tel Aviv
36%
territórios Ceuta
35%
mares das Baleares
32%
rios
31%
ilhas Maiorca
27%
ilhas Minorca
25%
ilhas Rodes
24%
litorais Costa Azul
18%
mares Jónico
18%
mares Tirreno
17%
territórios Melilha
13%
litorais Riviera {Italiana}
10%
litorais Dalmácia
9%
ilhas Krk
9%
rios Ródano
9%
litorais Costa Brava
6%
litorais Costa del Sol
4%
Nenhum quiz correspondente encontrado
Distribuição das Pontuações
Porcentagem de Pessoas com Cada Pontuação
Percentil de Números Respondidos
Sua Pontuação Histórica
Você não jogou esse quiz